000 00738cam a2200253 a 4500
008
020 _a0867200766 (hbk.)
049 _aMAIN
090 _aQH434
100 1 _aFreifelder, David.
245 1 0 _aMicrobial genetics /
_cDavid Freifelder.
260 _aBoston :
_bJones and Bartlett,
_cc1987.
300 _axxii, 601 p. :
_bill. ;
_c25 cm.
440 0 _aJones and Bartlett series in biology
504 _aIncludes bibliographical references.
500 _aIncludes index.
650 0 _aMicrobial genetics.
650 2 _aGenetics, Microbial.
907 _a.b10050061
_b10-10-05
_c17-04-03
003
005 20230123134111.0
040 _cNUST
942 _cBOOKS
_kQH434
999 _c160031
_d160031